pilotes formule 1 2025 - Statistiques

Statistiques générales
  • Ce quiz a été pris 96 fois
  • Le résultat moyen est 16 sur 19
Statistiques - réponses
Écurie Nationalité Pilote % Correct
Redbull 🇳🇱 Max Verstappen
99%
Ferrari 🇲🇨 Charles Leclerc
97%
Ferrari 🇬🇧 Lewis Hamilton
97%
Alpine 🇫🇷 Pierre Gasly
93%
Haas 🇫🇷 Esteban Ocon
92%
Mclaren 🇬🇧 Lando Norris
92%
Mclaren 🇦🇺 Oscar Piastri
91%
RB racing 🇯🇵 Yuki Tsunoda
91%
Aston martin 🇪🇸 Fernando Alonso
90%
Williams 🇹🇭 Alex Albon
89%
Aston martin 🇨🇦 Lance Stroll
87%
Mercedes 🇬🇧 Georges Russell
86%
Redbull 🇲🇽 Sergio Perez
84%
Williams 🇪🇸 Carlos Sainz
83%
Kick sauber 🇩🇪 Nico Hulkenberg
80%
Mercedes 🇮🇹 Kimi Antonelli
77%
Haas 🇬🇧 Ollie Bearman
72%
Alpine 🇦🇺 Jack Doohan
66%
Kick sauber 🇧🇷 Gabriel Bortoleto
51%
Aucun quiz correspondant
Distribution des résultats
% des personnes avec chaque résultat
Percentile par nombre de réponses
Votre historique - résultats
Vous n’avez pas pris ce quiz